Undertale Character & Enemy Quiz (quote edition) - Statistics

General Stats
  • This quiz has been taken 355 times
  • The average score is 35 of 65
Answer Stats
Quote Character % Correct
In this world its kill or be killed flowey
97%
It's a beautiful day outside. Birds are singing, flowers are blooming. On days like this kids like you, should be burning in hell. sans
96%
I just want to see my wife. I just want to see my child asgore
95%
... take care of Mom and Dad for me, OK? asriel
93%
Your a wimpy loser with a big heart! undyne
92%
You can't spell prepared without several letters from my name papyrus
91%
To make progress here you will need to trigger several switches toriel
91%
A... arms? Wh... who needs arms with legs like these? mettaton
90%
After a great meal I like to lie on the ground and feel like garbage... napstablook
88%
ribbit froggit
84%
Yo! monster kid
84%
I think purple is a much better look on you! Ahuhuhu... muffet
84%
No that's not true! My friends like me! And I like you, too. alphys
83%
Where are the knives? chara
77%
OMG!! humans TOO CUTE (dies) temmie
72%
(The man who speaks in hands) gaster
69%
(Faraway Bark) lesser dog
68%
Foolish. Foolish! FOOLISH! mad dummy
68%
......... (It doesn't seem much for conversation) dummy
66%
It's so excited that it thinks fighting is just play greater dog
66%
Tra la la. Beware of the man who came from the other world river person
66%
(A little white dog. It's fast asleep...) annoying dog
62%
I can't go to hell. I'm all out of vacation days. burgerpants
62%
Eat your greens vegetoid
61%
Don't touch my hot dog! dogamy
60%
Ice puns are "snow" problem snowdrake
60%
Are you actually a little puppy!? dogaressa
59%
Don't move an inch! doggo
59%
Come on in, the water's fine ; ) aaron
58%
You threw the stick, You threw the stick, You call the frisk
58%
Robbit, robbit final froggit
54%
Please don't pick on me loox
54%
Mi So Mi So Mi Si Mi La Si So shyren
54%
Ahhhh!!! I'm late!!! I'm late!!! I'm so sorry!!! so sorry
52%
Green means clean woshua
52%
HELLO??? My hat's up here ice cap
51%
'Slime sounds' moldsmal
50%
No way! Why would I like YOU tsunderplane
42%
Legend has it, an 'angel' who has seen the surface will descend from above and give us freedom. gerson
41%
*wipes counter grillby
40%
...Pick on me. astigmatism
38%
I have no choice whimsun
38%
Burn, baby. BURN! pyrope
37%
SHH, guys! I'm THINKING! jerry
36%
I've made my choice whimsalot
36%
Welcome to my special hell. lemon bread
35%
Works hard! Works hot! vulkin
35%
Come join the fun memory head
34%
Where's Snowy right now? chilldrake
33%
Have you ever thought about a world where everything is the same... except you don't exist. Goner Kid
33%
We, like, actually totally have to kill you and stuff. royal guards
32%
Close your eyes... knight knight
31%
Please and thank you madjick
31%
La la, just be yourself migosp
31%
(It's unclear how many dogs this counts as) endogeny
30%
I have something for you. A BIG SMILE! nice cream guy
29%
Hey there.... Noticed.. you were.. here... onionsan
28%
GOSHDARN TEENAGE GOOGLY EYES! gyftrot
26%
Ok! I rule. I admit it! glyde
25%
Guoooh! moldbygg
25%
This relentless future finally looks brighter and brighter reaper bird
24%
Sn... o... wy... snowdrakes mother
23%
Laughter hides the pain migospel
15%
Can't decide on a face. Can't see friend from foe moldessa
15%
Eat Your Green Tasty Snakes parsnik
15%
No matching quizzes found
Score Distribution
Percent of People with Each Score
Percentile by Number Answered
Your Score History
You have not taken this quiz